|
|
|
|
| LEADER |
00000nam a2200000Ii 4500 |
| 001 |
DIGUCCH0216 |
| 003 |
NyNyDIG |
| 006 |
m o d |
| 007 |
cr ||||||||||| |
| 008 |
250714s2018 cl ob 000 0 spa d |
| 035 |
|
|
|a (OCoLC)1108817718
|
| 040 |
|
|
|a DGITA
|b eng
|e rda
|e pn
|c DGITA
|
| 020 |
|
|
|a 9789561423466
|q edición digital
|
| 020 |
|
|
|z 9789561423459
|q edición impresa
|
| 043 |
|
|
|a s-cl---
|
| 050 |
1 |
4 |
|a K948 ebook
|
| 100 |
1 |
|
|a Alcalde Rodríguez, Enrique,
|e author.
|
| 245 |
1 |
3 |
|a La responsabilidad contractual :
|b causa y efectos de los contratos y sus obligaciones /
|c Enrique Alcalde Rodríguez.
|
| 264 |
|
1 |
|a Santiago, Chile :
|b Ediciones UC,
|c [2018]
|
| 300 |
|
|
|a 1 online resource.
|
| 336 |
|
|
|a text
|b txt
|2 rdacontent
|
| 337 |
|
|
|a computer
|b c
|2 rdamedia
|
| 338 |
|
|
|a online resource
|b cr
|2 rdacarrier
|
| 347 |
|
|
|a text file
|2 rdaft
|
| 347 |
|
|
|b EPUB
|
| 504 |
|
|
|a Includes bibliographical references.
|
| 588 |
0 |
|
|a Online resource; title from ePub title page (Digitalia, viewed July 14, 2025)
|
| 650 |
|
0 |
|a Obligations (Law)
|z Chile.
|
| 650 |
|
0 |
|a Torts
|z Chile.
|
| 650 |
|
0 |
|a Breach of contract
|z Chile.
|
| 776 |
0 |
8 |
|i Print version:
|a Alcalde Rodríguez, Enrique.
|t Responsabilidad contractual.
|d Santiago, Chile : Ediciones UC, [2018]
|z 9789561423459
|
| 791 |
2 |
|
|a Digitalia (Firm),
|e distributor.
|
| 793 |
0 |
|
|g Digitalia eBook Collection:
|a Universidad Católica de Chile
|
| 856 |
4 |
0 |
|3 Digitalia Hispánica
|u https://www.digitaliapublishing.com/a/175514/
|
| 910 |
|
|
|a Premium collection: 2025
|